<?xml version='1.0' encoding='UTF-8'?>
  <record xmlns="http://www.loc.gov/MARC21/slim">
    <leader>00000ctm a22000007i 4500</leader>
    <controlfield tag="001">ocn965404697</controlfield>
    <controlfield tag="003">OCoLC</controlfield>
    <controlfield tag="005">20250128154500.7</controlfield>
    <controlfield tag="008">110314q15001700ne            000 0 dut d</controlfield>
    <datafield tag="040" ind1=" " ind2=" ">
      <subfield code="a">QGJ</subfield>
      <subfield code="b">dut</subfield>
      <subfield code="c">QGJ</subfield>
      <subfield code="d">QGJ</subfield>
      <subfield code="d">OCLCL</subfield>
      <subfield code="d">OCLCQ</subfield>
    </datafield>
    <datafield tag="035" ind1=" " ind2=" ">
      <subfield code="a">(OCoLC)965404697</subfield>
    </datafield>
    <datafield tag="245" ind1="0" ind2="4">
      <subfield code="a">Een lied boecxken :</subfield>
      <subfield code="b">inhoudende veele ende diversche fraaije nieuwe liedetjens /</subfield>
      <subfield code="c">vergadert ende geschreeven bij mij J. Razet ...</subfield>
      <subfield code="f">UBU Hs. 10 B 13.</subfield>
    </datafield>
    <datafield tag="246" ind1="1" ind2=" ">
      <subfield code="a">Antiquiteit van oude schrijfkonst</subfield>
    </datafield>
    <datafield tag="260" ind1=" " ind2=" ">
      <subfield code="a">[Amsterdam],</subfield>
      <subfield code="c">[16de-17de eeuw]</subfield>
    </datafield>
    <datafield tag="300" ind1=" " ind2=" ">
      <subfield code="a">177 fol. ;</subfield>
      <subfield code="c">96 x 145 (ca. 40-50 x 50-70) mm.</subfield>
    </datafield>
    <datafield tag="336" ind1=" " ind2=" ">
      <subfield code="a">text</subfield>
      <subfield code="b">txt</subfield>
      <subfield code="2">rdacontent</subfield>
    </datafield>
    <datafield tag="337" ind1=" " ind2=" ">
      <subfield code="a">unmediated</subfield>
      <subfield code="b">n</subfield>
      <subfield code="2">rdamedia</subfield>
    </datafield>
    <datafield tag="338" ind1=" " ind2=" ">
      <subfield code="a">volume</subfield>
      <subfield code="b">nc</subfield>
      <subfield code="2">rdacarrier</subfield>
    </datafield>
    <datafield tag="340" ind1=" " ind2=" ">
      <subfield code="a">papier.</subfield>
    </datafield>
    <datafield tag="500" ind1=" " ind2=" ">
      <subfield code="a">Bevat 63 liederen (plaats: fol. 14r-173r) van Jacob Razet en andere leden van de Eglentier te Amsterdam, met wijsaanduidingen, opgenomen in de Nederlandse Liederenbank.</subfield>
    </datafield>
    <datafield tag="500" ind1=" " ind2=" ">
      <subfield code="a">Het handschrift heeft een inhoudsopgave (fol. 7r-11r) waarin zestig liederen zijn opgenomen. Het gaat hier om liederen uit het oudste deel van het handschrift dat uit de 16e eeuw dateert. Een aantal van deze liederen ontbreken nu omdat er bladen uit het handschrift verwijderd zijn. Aan het slot zijn enkele liederen toegevoegd, waarvan er een het jaartal 1668 draagt.</subfield>
    </datafield>
    <datafield tag="561" ind1=" " ind2=" ">
      <subfield code="a">Lang is gedacht dat dit handschrift zich in het Gemeente-archief van Dordrecht zou moeten bevinden. Ook de bibliothecaris van de Rijksuniversiteitsbibliotheek te Utrecht verkeerde in die veronderstelling toen hij het hs. in 1941 naar Dordrecht zond. De archivaris van Dordrecht stuurde het echter terug met de mededeling dat het wel in de bibliotheek van Dordrecht was geweest, maar was verkocht. Utrecht zou dus de rechtmatige eigenaar moeten zijn. Zie los bijgevoegde brief van J. J. Beyerman, archivaris der gemeente Dordrecht aan de bibliothecaris van de Rijksuniversiteitsbibliotheek te Utrecht, d.d. 25 maart 1941.</subfield>
    </datafield>
    <datafield tag="500" ind1=" " ind2=" ">
      <subfield code="a">Op fol. 1: Antiquiteit van oude schrijfkonst; en: M. J. Zuidhof.</subfield>
    </datafield>
    <datafield tag="524" ind1=" " ind2=" ">
      <subfield code="a">Te citeren als: Universiteitsbibliotheek Utrecht Hs. 10 B 13.</subfield>
    </datafield>
    <datafield tag="563" ind1=" " ind2=" ">
      <subfield code="a">Moderne (1981) kalfleren band met marmerpapier over kartonnen platten. Van de oorspronkelijke band is een gedeelte van de rug bewaard gebleven.</subfield>
    </datafield>
    <datafield tag="583" ind1=" " ind2=" ">
      <subfield code="a">Restauratierapport aanwezig.</subfield>
    </datafield>
    <datafield tag="500" ind1=" " ind2=" ">
      <subfield code="a">Illustrations: Met goudinkt gecalligrafeerde initialen; van enkele liederen is de eerste regel met goudinkt geschreven.</subfield>
    </datafield>
    <datafield tag="581" ind1=" " ind2=" ">
      <subfield code="a">M. de Bruin &amp; J. Oosterman (samenst.), Repertorium van het Nederlandse lied tot 1600 / Repertory of Dutch songs until 1600. 2 dl. + 1 cd-rom. Gent 2001. (= Studies op het gebied van de cultuur in de Nederlanden 4). p. 759, passim.</subfield>
    </datafield>
    <datafield tag="581" ind1=" " ind2=" ">
      <subfield code="a">C.G.N. de Vooys, 'Een liedje voorgedragen op het Rotterdams landjuweel van 1561,' in: Jaarboek De Fonteine (1948-1949), p. 41-44. p. 41-44.</subfield>
    </datafield>
    <datafield tag="655" ind1=" " ind2="7">
      <subfield code="a">Handschriften (vorm)</subfield>
      <subfield code="0">(NL-LeOCL)088143309.</subfield>
      <subfield code="2">gtt</subfield>
    </datafield>
    <datafield tag="700" ind1="1" ind2=" ">
      <subfield code="a">Razet, Jacob.</subfield>
    </datafield>
    <datafield tag="700" ind1="1" ind2=" ">
      <subfield code="a">Zuidhof, M. J.,</subfield>
      <subfield code="e">former owner.</subfield>
      <subfield code="4">fmo</subfield>
      <subfield code="5">NL-UtRU</subfield>
    </datafield>
    <datafield tag="710" ind1="2" ind2=" ">
      <subfield code="a">Archief der gemeente Dordrecht (Dordrecht)</subfield>
      <subfield code="e">former owner.</subfield>
      <subfield code="4">fmo</subfield>
      <subfield code="5">NL-UtRU</subfield>
    </datafield>
    <datafield tag="758" ind1=" " ind2=" ">
      <subfield code="a">Een lied boecxken UBU Hs. 10 B 13 (Text)</subfield>
      <subfield code="1">https://id.oclc.org/worldcat/entity/E39PCXPRjhkHWGtpcWd8374tH3</subfield>
      <subfield code="4">https://id.oclc.org/worldcat/ontology/hasWork</subfield>
    </datafield>
    <datafield tag="856" ind1="4" ind2="1">
      <subfield code="u">http://objects.library.uu.nl/reader/resolver.php?obj=002338297&amp;type=2</subfield>
      <subfield code="x">Online</subfield>
      <subfield code="z">Full text</subfield>
    </datafield>
    <datafield tag="856" ind1="4" ind2="2">
      <subfield code="u">www.liederenbank.nl/bronpresentatie.php?zoek=1006753&amp;lan=nl</subfield>
      <subfield code="z">Nederlandse Liederenbank</subfield>
    </datafield>
    <datafield tag="936" ind1=" " ind2=" ">
      <subfield code="a">BATCHLOAD</subfield>
    </datafield>
  </record>